Integrované manažérstvo a integrovaná marketingová komunikácia

Podstata integrovanej marketingovej komunikácie (Integrated Marketing Communication -IMC). Budovanie IMC- systému. Aplikovanie integrovanej marketingovej komunikácie. Manažéri a IMC.

Gespeichert in:
Bibliographische Detailangaben
1. Verfasser: Jedlička, Milan
Format: Buchkapitel
Sprache:Slowakisch
Schlagworte:
Tags: Tag hinzufügen
Keine Tags, Fügen Sie das erste Tag hinzu!

MARC

LEADER 00000naa a2200000 4500
001 r048748
005 20231002070523.9
041 0 |a slo 
044 |a SK 
245 1 0 |a Integrované manažérstvo a integrovaná marketingová komunikácia  |c Milan Jedlička 
520 |a Podstata integrovanej marketingovej komunikácie (Integrated Marketing Communication -IMC). Budovanie IMC- systému. Aplikovanie integrovanej marketingovej komunikácie. Manažéri a IMC. 
610 2 0 |a komunikácia marketingová 
610 2 0 |a manažment 
610 2 0 |a integrácia 
610 2 0 |a systém riadenia kvality 
610 2 0 |a modely 
100 1 |a Jedlička, Milan